| 000 | 004310000a22001690004500 | ||
|---|---|---|---|
| 003 | MACL | ||
| 005 | 20151227125536.0 | ||
| 008 | 151227b xxu||||| |||| 00| 0 eng d | ||
| 040 |
_aMACL _cMACL |
||
| 041 | _aEnglish | ||
| 082 | _a020/MAL | ||
| 100 |
_aMaltby, Arthur _923129 |
||
| 245 | _aThe Case for bliss | ||
| 260 |
_bK G Saur Publication _c1979 |
||
| 650 |
_aLibrary & Information Science _916991 |
||
| 942 |
_cBK _k020/MAL _2ddc |
||
| 999 |
_c34252 _d34252 |
||